| 000 | 00575nam a22001817a 4500 | ||
|---|---|---|---|
| 999 |
_c190053 _d190053 |
||
| 005 | 20220718111015.0 | ||
| 010 | _aENG-133620 | ||
| 020 |
_a9789387253070 _c180.00 |
||
| 035 | _aEN-117152 | ||
| 037 | _bDBAD/PUB | ||
| 082 | _a352.0070954 | ||
| 100 | _aPankaj Singh | ||
| 245 |
_aRural government in india: _ba study of panchayati raj/ _cby Pankaj Singh |
||
| 260 |
_aNew Delhi _bKitab Mahal _c2018 |
||
| 270 |
_a8,Hari Sadan Ground Floor 20,Ansari Road Daryaganj, _bNew Delhi _e110002 |
||
| 300 |
_a200p. _c22cm(pbk) |
||
| 942 |
_2ddc _cEN _h352.0070954 _mPAN |
||